00704 2200253 4500001002100000005001500021035002000036007000300056008004100059020002200100082001000122084001600132100002000148245008100168250001000249260003900259300003100298500001100329650004100340700001800381520002900399990001100428990001100439INLIS00000000000341020190516094419 a0010-0519000002ta190516 g 0 ind  a978-604-7874-97-8 a920.3 a920.3 MUH e0 aMUHAMMAD, Rifai1 aEnsiklopedi Presiden Republik Indonesia: Abdurrahman Wahid /cMuhammad Rifai acet.1 aYogyakarta :bAr-Ruzz Media,c2017 a201 hlm ;cjild. 4.; 21 cm aIndeks 4aBIOGRAFI. PRESIDEN ABDURRAHMAN WAHID0 aATANIA, Rahma aBibliografi: hlm.193-198 a6618 a a6618 b